Ajia no Nikkei kigyō to gijutsu iten /

Saved in:
Bibliographic Details
Other Authors: Ogawa, Eiji, 1931-, Makido, Takao, 1940-
Format: Book
Language:Japanese
Published: Nagoya-shi : Nagoya Daigaku Shuppankai, 1990.
Series:Nagoya Daigaku Keizai Kōzō Kenkyū Sentā sōsho ; 2.
Subjects:
Tags: Add Tag
No Tags, Be the first to tag this record!
LEADER 00973nam a2200289 a 4500
001 002424809-6
005 20020606093309.7
008 901221s1990 ja a b f000 0 jpn
010 |a  90230164 /AJ 
020 |a 481580141X :  |c Y2200 
035 0 |a ocm23650238 
040 |a DLC  |c DLC  |d HLS 
043 |a a-ja---  |a a------ 
050 0 |a HD2907  |b .A58 1990 
245 0 0 |a Ajia no Nikkei kigyō to gijutsu iten /  |c Ogawa Eiji, Makido Takao hen. 
260 |a Nagoya-shi :  |b Nagoya Daigaku Shuppankai,  |c 1990. 
300 |a viii, 155 p. :  |b ill. ;  |c 22 cm. 
490 1 |a Nagoya Daigaku Keizai Kōzō Kenkyū Sentā sōsho ;  |v 2 
504 |a Includes bibliographical references. 
650 0 |a Corporations, Japanese  |z Asia. 
650 0 |a Technology transfer  |z Japan. 
650 0 |a Technology transfer  |z Asia. 
700 1 |a Ogawa, Eiji,  |d 1931- 
700 1 |a Makido, Takao,  |d 1940- 
830 0 |a Nagoya Daigaku Keizai Kōzō Kenkyū Sentā sōsho ;  |v 2. 
988 |a 20020608 
906 |0 DLC